[Event "Aragon-chT Honor Descenso"]
[Site "Aragon"]
[Date "2023.03.18"]
[Round "8.31"]
[White "Casas Chine, German"]
[Black "Puertolas Serena, Arturo"]
[Result "1-0"]
[WhiteElo "1792"]
[BlackElo "1788"]
[PlyCount "35"]
[EventDate "2023.03.18"]
[EventType "team-tourn"]
[EventRounds "10"]
[EventCountry "ESP"]
[SourceTitle "EXT 2024"]
[Source "ChessBase"]
[SourceDate "2023.10.10"]
[SourceVersion "1"]
[SourceVersionDate "2023.10.10"]
[SourceQuality "1"]
[WhiteTeam "Fraga"]
[BlackTeam "La Aurora Estadilla"]
[WhiteTeamCountry "ESP"]
[BlackTeamCountry "ESP"]

1. e4 c6 2. d4 d5 3. exd5 cxd5 4. c4 Nf6 5. Nc3 e6 6. Nf3 Nc6 7. Bf4 dxc4 8. Bxc4 a6 9. 0-0 b5 10. Bb3 Bb7 11. d5 exd5 12. Nxd5 Nxd5 13. Bxd5 Be7 14. Rc1 Qb6 15. Re1 Rd8 16. Bxc6+ Bxc6 17. Qe2 Rd7 18. Ne5 1-0

[Event "Aragon-chT Honor Gr II"]
[Site "Aragon"]
[Date "2023.02.04"]
[Round "2.12"]
[White "Casas Chine, German"]
[Black "Roque Sola, Jose Luis"]
[Result "0-1"]
[WhiteElo "1792"]
[BlackElo "2217"]
[PlyCount "48"]
[EventDate "2023.01.28"]
[EventType "team-tourn"]
[EventRounds "7"]
[EventCountry "ESP"]
[SourceTitle "EXT 2024"]
[Source "ChessBase"]
[SourceDate "2023.10.10"]
[SourceVersion "1"]
[SourceVersionDate "2023.10.10"]
[SourceQuality "1"]
[WhiteTeam "Fraga"]
[BlackTeam "Jaime Casas"]
[WhiteTeamCountry "ESP"]
[BlackTeamCountry "ESP"]

1. e4 c5 2. Nf3 Nc6 3. d4 cxd4 4. Nxd4 e5 5. Nb5 d6 6. N1c3 a6 7. Na3 Be6 8. Be3 Nf6 9. Be2 Be7 10. Bf3 Rc8 11. 0-0 0-0 12. Nd5 Bxd5 13. exd5 Nb8 14. c4 Nbd7 15. Bg4 Nxg4 16. Qxg4 f5 17. Qd1 f4 18. Bd2 f3 19. gxf3 Bg5 20. Be3 Bf4 21. Re1 Qh4 22. Kf1 Qxh2 23. Qd3 e4 24. fxe4 Ne5 0-1

[Event "Aragon-chT Preferente Gr II"]
[Site "Aragon"]
[Date "2022.02.26"]
[Round "5.63"]
[White "Casas Chine, German"]
[Black "Palomar Ramon, Santiago"]
[Result "0-1"]
[WhiteElo "1775"]
[BlackElo "1900"]
[PlyCount "94"]
[EventDate "2022.01.29"]
[EventType "team-tourn"]
[EventRounds "9"]
[EventCountry "ESP"]
[SourceTitle "EXT 2024"]
[Source "ChessBase"]
[SourceDate "2023.10.10"]
[SourceVersion "1"]
[SourceVersionDate "2023.10.10"]
[SourceQuality "1"]
[WhiteTeam "Fraga"]
[BlackTeam "San Jose"]
[WhiteTeamCountry "ESP"]
[BlackTeamCountry "ESP"]

1. e4 e5 2. Nf3 Nc6 3. Bb5 Nge7 4. d4 exd4 5. Nxd4 g6 6. Bg5 Bg7 7. c3 0-0 8. 0-0 Nxd4 9. cxd4 c6 10. Ba4 d5 11. e5 f6 12. exf6 Bxf6 13. Bxf6 Rxf6 14. Nc3 Qd6 15. Qd2 Kg7 16. Rfe1 Bd7 17. Re2 Raf8 18. Rae1 R8f7 19. Bc2 Nf5 20. Bxf5 Rxf5 21. Qe3 h5 22. Na4 b6 23. b3 Qf6 24. Nb2 Rf4 25. Rd1 Re4 26. Qd2 Rxe2 27. Qxe2 Re7 28. Qd2 Bc8 29. Na4 Ba6 30. Nc3 g5 31. b4 Bc4 32. a3 Qf4 33. Qc2 Qxd4 34. g3 Qf6 35. Qd2 b5 36. Re1 Rxe1+ 37. Qxe1 g4 38. Qd2 Kg6 39. Qc2+ Qf5 40. Qd2 Qe5 41. Qc2+ Kf6 42. Qd2 Kg7 43. Kg2 d4 44. Nd1 Qe4+ 45. Kg1 Kg6 46. Nb2 Qb1+ 47. Nd1 Bb3 0-1

[Event "Aragon-chT Preferente Gr II"]
[Site "Aragon"]
[Date "2022.02.05"]
[Round "2.59"]
[White "Quintero Rodriguez, John"]
[Black "Casas Chine, German"]
[Result "0-1"]
[WhiteElo "1783"]
[BlackElo "1775"]
[PlyCount "69"]
[EventDate "2022.01.29"]
[EventType "team-tourn"]
[EventRounds "9"]
[EventCountry "ESP"]
[SourceTitle "EXT 2024"]
[Source "ChessBase"]
[SourceDate "2023.10.10"]
[SourceVersion "1"]
[SourceVersionDate "2023.10.10"]
[SourceQuality "1"]
[WhiteTeam "Palacio de Pioneros III"]
[BlackTeam "Fraga"]
[WhiteTeamCountry "ESP"]
[BlackTeamCountry "ESP"]

1. d4 Nf6 2. Nf3 g6 3. Bf4 Bg7 4. e3 0-0 5. c4 d6 6. Nc3 c6 7. Be2 Qc7 8. 0-0 Nbd7 9. h3 b6 10. Qc2 Bb7 11. e4 e5 12. dxe5 dxe5 13. Be3 Rac8 14. Rad1 Nc5 15. Nd2 Ne6 16. Nf3 Nc5 17. Nd2 Ne6 18. Bf3 c5 19. Nd5 Nxd5 20. exd5 Nd4 21. Bxd4 cxd4 22. Qa4 Ra8 23. Rfe1 a5 24. g3 f5 25. Bg2 Qc5 26. Rc1 e4 27. Qd1 Bh6 28. Nb3 Qd6 29. Nd2 e3 30. fxe3 dxe3 31. Nf1 e2 32. Rxe2 Bxc1 33. Re6 Qc5+ 34. Kh1 Qxc4 35. g4 0-1

[Event "Aragon-chT Preferente Gr-I"]
[Site "Aragon"]
[Date "2020.02.22"]
[Round "5.35"]
[White "Casas Chine, German"]
[Black "Matamoros Villarreal, Antonio"]
[Result "1/2-1/2"]
[WhiteElo "1787"]
[BlackElo "1912"]
[PlyCount "97"]
[EventDate "2020.01.25"]
[EventType "team-tourn"]
[EventRounds "9"]
[EventCountry "ESP"]
[SourceTitle "EXT 2022"]
[Source "ChessBase"]
[SourceDate "2021.10.06"]
[SourceVersion "1"]
[SourceVersionDate "2021.10.06"]
[SourceQuality "1"]
[WhiteTeam "Fraga"]
[BlackTeam "Las Fuentes"]
[WhiteTeamCountry "ESP"]
[BlackTeamCountry "ESP"]

1. e4 e5 2. Nf3 Nf6 3. Nc3 Nc6 4. Bc4 Bb4 5. d3 h6 6. 0-0 0-0 7. h3 Re8 8. Be3 d6 9. a3 Ba5 10. Nd5 Nxd5 11. Bxd5 Be6 12. c4 Bb6 13. Qd2 Nd4 14. Nxd4 exd4 15. Bf4 Bc8 16. c5 dxc5 17. Rac1 c6 18. Bb3 Qe7 19. Bg3 Be6 20. Bd1 Rac8 21. f4 f6 22. Bh5 Bf7 23. Bg4 Be6 24. Bh5 Rf8 25. Bh4 Qd6 26. Bg6 Bf7 27. Bf5 Rce8 28. Rf3 Kh8 29. Rg3 Bc7 30. Rf1 Rg8 31. Bg6 Bxg6 32. Rxg6 Kh7 33. f5 Qh2+ 34. Kf2 Qf4+ 35. Qxf4 Bxf4 36. Kf3 Be5 37. b3 a5 38. Be1 Ra8 39. g4 a4 40. b4 Bd6 41. h4 cxb4 42. axb4 a3 43. Bd2 a2 44. Ra1 Ra3 45. Ke2 Be7 46. e5 fxe5 47. g5 h5 48. Re6 Bd8 49. Rxe5 1/2-1/2

[Event "Aragon-chT Preferente Gr-II"]
[Site "Aragon"]
[Date "2019.02.09"]
[Round "3.54"]
[White "Casas Chine, German"]
[Black "Gracia Campo, Carlos Alberto"]
[Result "0-1"]
[WhiteElo "1785"]
[BlackElo "2074"]
[PlyCount "98"]
[EventDate "2019.01.26"]
[EventType "team-tourn"]
[EventRounds "9"]
[EventCountry "ESP"]
[SourceTitle "EXT 2020"]
[Source "ChessBase"]
[SourceDate "2019.10.17"]
[SourceVersion "1"]
[SourceVersionDate "2019.10.17"]
[SourceQuality "1"]
[WhiteTeam "Fraga"]
[BlackTeam "El Olivar II"]
[WhiteTeamCountry "ESP"]
[BlackTeamCountry "ESP"]

1. e4 d6 2. d4 Nf6 3. Nc3 g6 4. f4 Bg7 5. Nf3 c5 6. Bb5+ Nfd7 7. Be3 0-0 8. h4 h5 9. Qd2 a6 10. Bc4 b5 11. Bd5 Ra7 12. a3 e6 13. Bb3 c4 14. Ba2 Nf6 15. Nh2 Re7 16. e5 Nd5 17. Ne4 dxe5 18. fxe5 Nxe3 19. Qxe3 Rd7 20. Nf3 Bb7 21. c3 Bxe4 22. Qxe4 Bh6 23. 0-0 Rd5 24. a4 Nc6 25. axb5 axb5 26. b3 Na5 27. Rfb1 Nxb3 28. Bxb3 cxb3 29. Rxb3 Qc7 30. Qd3 Rc8 31. Ng5 Bxg5 32. hxg5 Qxe5 33. Rxb5 Qxg5 34. c4 Rxb5 35. cxb5 Rb8 36. Rb1 Rb6 37. Qc4 Qe3+ 38. Kh1 Rd6 39. b6 Qe4 40. Rb3 Rxd4 41. Qc8+ Kh7 42. b7 Rd1+ 43. Kh2 Rd2 44. Rg3 Qh4+ 45. Rh3 Qf4+ 46. Rg3 Rb2 47. Kh3 g5 48. Rxg5 Rb3+ 49. g3 Qf1+ 0-1

[Event "Aragon-chT Preferente Gr I "]
[Site "Aragon"]
[Date "2018.02.10"]
[Round "3.35"]
[White "Casas Chine, German"]
[Black "Aviol Perez, Jose Mariano"]
[Result "1/2-1/2"]
[WhiteElo "1793"]
[BlackElo "1786"]
[PlyCount "91"]
[EventDate "2018.01.27"]
[EventType "team-tourn"]
[EventRounds "9"]
[EventCountry "ESP"]
[SourceTitle "EXT 2019"]
[Source "ChessBase"]
[SourceDate "2018.10.10"]
[SourceVersion "1"]
[SourceVersionDate "2018.10.10"]
[SourceQuality "1"]
[WhiteTeam "Fraga"]
[BlackTeam "Actur Rey Fernando"]
[WhiteTeamCountry "ESP"]
[BlackTeamCountry "ESP"]

1. e4 d6 2. d4 Nf6 3. Nc3 g6 4. Nf3 Bg7 5. Bg5 0-0 6. Qd2 c6 7. 0-0-0 b5 8. Bd3 Nbd7 9. Bh6 Qa5 10. Bxg7 Kxg7 11. Kb1 b4 12. Ne2 Nb6 13. Qg5 Qxg5 14. Nxg5 e5 15. dxe5 dxe5 16. Nf3 Re8 17. Nc1 c5 18. Bb5 Re7 19. Rhe1 Bb7 20. Nd2 Rd8 21. f3 Rc7 22. Nc4 Rxd1 23. Rxd1 Nxc4 24. Bxc4 Rd7 25. Rxd7 Nxd7 26. Bb5 Nb6 27. Nd3 c4 28. Nxb4 f5 29. Bc6 Bc8 30. Kc1 Kf6 31. Kd2 Ke7 32. Nd5+ Kd6 33. Nxb6 axb6 34. Bb5 Kc5 35. a4 fxe4 36. fxe4 Bb7 37. Ke3 g5 38. Bd7 h6 39. Be8 c3 40. b3 Ba6 41. Bh5 Bc8 42. Be2 Kb4 43. Bc4 Bg4 44. Kd3 h5 45. Bf7 h4 46. h3 1/2-1/2

[Event "Aragon-chT Preferente A"]
[Site "Aragon"]
[Date "2017.03.04"]
[Round "6.40"]
[White "Casas Chine, German"]
[Black "Moreno Martin Viveros, Alvaro"]
[Result "0-1"]
[WhiteElo "1807"]
[BlackElo "1881"]
[PlyCount "50"]
[EventDate "2017.01.28"]
[EventType "team-tourn"]
[EventRounds "9"]
[EventCountry "ESP"]
[SourceTitle "EXT 2018"]
[Source "ChessBase"]
[SourceDate "2017.10.13"]
[SourceVersion "1"]
[SourceVersionDate "2017.10.13"]
[SourceQuality "1"]
[WhiteTeam "Fraga"]
[BlackTeam "Agrupacion III"]
[WhiteTeamCountry "ESP"]
[BlackTeamCountry "ESP"]

1. e4 d5 2. exd5 Qxd5 3. Nc3 Qa5 4. d4 Nf6 5. h3 Nc6 6. Nf3 Bf5 7. Bd3 0-0-0 8. 0-0 e6 9. Be3 Be7 10. a3 Bxd3 11. Qxd3 Qh5 12. Qc4 Nd5 13. Nxd5 Rxd5 14. b4 Qf5 15. Qb3 Bf6 16. c3 g5 17. Qb1 h5 18. Nd2 Qxb1 19. Raxb1 g4 20. Ne4 Be7 21. c4 Rd7 22. hxg4 hxg4 23. Rfd1 Rhd8 24. Ng5 Nxd4 25. Bxd4 Bxg5 0-1